000 00462nam a2200157Ia 4500
005 20250424120236.0
008 250424s9999 xx 000 0 und d
022 _a00463663
050 _aHQ 1101 .F46/
245 0 _aFeminist studies
260 _bWomen’s Studies Department at the University of Maryland. Feminism studies, Inc.
260 _c2010
300 _a243 p. ; 23 cm.
650 _aFeminism- social science--periodicals
942 _cSR
999 _c38192
_d38192